Missing Word: Cop Shows II Quiz Stats

Quiz Updated Mar 10, 2015

Challenge
Share
Tweet
Embed
Score 0/20 Timer 03:00
0 Plays Today
Show Missing Word % Correct
_________ GadgetInspector
88.9%
In _____ SightPlain
84.6%
The Andy ________ ShowGriffith
81.3%
Homicide: Life on the _____Street
76.6%
Law & Order: Criminal ______Intent
76.6%
Alaska _____ TroopersState
70.4%
________ Nine-NineBrooklyn
68.7%
____ on MarsLife
66%
Rizzoli & _____Isles
61.3%
McMillan & ____Wife
59.1%
Show Missing Word % Correct
Highway ______Patrol
58.7%
True _________Detective
48.4%
Rookie ____Blue
47%
______ HumanAlmost
36.4%
New ____ UndercoverYork
32%
Major ______Crimes
30.9%
LAPD: Life on the ____Beat
22.2%
___ SouthDue
21.4%
_____ WatchThird
20.3%
_____ 1-8-7Detroit
10.6%

Today's Daily Dose

Missing Word
1971 Movies A-Z

Word Ladder
Complete Tour

Quick Pick
Logo Colors

On This Day
January 19th

You're not logged in!

Compare scores with friends on all Sporcle quizzes.
Sign Up with Email
OR
Log In

You Might Also Like...

Show Comments

Extras

Top Quizzes Today


Score Distribution

Your Account Isn't Verified!

In order to create a playlist on Sporcle, you need to verify the email address you used during registration. Go to your Sporcle Settings to finish the process.